000 00566nam a2200205Ia 4500
003 ARRUPE
005 20160307144100.0
008 130303s9999 xx 000 0 und d
040 _cARRUPELIB
050 _aPL8651.7S3
100 _aSchapera, I. (ed)
_922766
245 _aPraise-Poems of Tswana Chiefs
260 _aOxford
260 _bClarendon PR
300 _a255p
440 _aOxford Library of African Literature
_922767
650 _aSechuana Poetry
_922768
650 _aTswana (African people)
_xKings and Rulers
_922769
942 _2lcc
_cMONOGRAPH
999 _c40172
_d40172